Za neslobodu si môžeme sami

Bibliographic Details
Main Author: Jaurová, Zora, 1973- (Author, Interviewer)
Format: Article
Language:Slovak
PhysicalDescription:Fotogr.
ISSN:1337-1800
Subjects:

MARC

LEADER 00000nab a2200000 a 4500
001 vtls009145237
003 SK-MaSNL
005 20260304151601.0
008 250506c2007 xo mr|p|||||||000 b|slo
015 |a SNBRB2007/10  |2 snkbucl 
035 |a (sysno)vtls009145237 
035 |a urn:nbn:sk:snk-ab6ijz 
035 |a (uuid)39ac5c91-64e3-41ce-aec7-2c1c0e117509 
035 |a (urnnbn)urn:nbn:sk:snk:ar-003uc5 
038 |a SNKBUCL 
040 |a SNKBUCL  |b slo  |c SNKBUCL  |e AACR2 
041 0 |a slo 
044 |a xo  |c SK 
080 |a 792.072.5  |2 2001 
100 1 |a Jaurová, Zora,  |d 1973-  |4 ivr  |4 aut  |9 253961 
245 1 0 |a Za neslobodu si môžeme sami  |c Zora Jaurová, Darina Kárová 
300 |b Fotogr. 
600 1 7 |a Kárová, Darina,  |d 1951-  |2 snkbucl  |9 107012 
655 7 |a rozhovory  |2 snkbucl  |9 31831 
700 1 |a Kárová, Darina,  |d 1951-  |4 ive  |9 107012 
773 0 |t KOD  |g Roč. 1, č. 5 (2007), s. 4-6  |x 1337-1800 
850 |a Slovenská národná knižnica 
852 |a Slovenská národná knižnica 
954 |a odborná, vedecká literatúra pôvodná (slovenská)  |2 lita 
958 |a article2022 
958 |a SK 
958 |a OND 
958 |a EUIPO 
999 |c 2944643  |d 2946573